| 000 | 00430nam a2200157Ia 4500 | ||
|---|---|---|---|
| 008 | 231217s9999 xx 000 0 und d | ||
| 020 | _a81-7722-558-8 | ||
| 041 | _aEnglish | ||
| 082 | _a658.8 PRA R | ||
| 100 | _aKashyap, Pradeep. Raut, Siddhartha | ||
| 245 | 0 | _aRural marketing book : text and practice | |
| 260 |
_c2006 _bDreamtech press _aNew Delhi |
||
| 300 | _axxxvi+381 | ||
| 650 | _aRural,marketing,: | ||
| 942 | _cAA | ||
| 999 |
_c177106 _d177106 |
||